Research Methods in Applied Linguistics: Quantitative, Qualitative, and Mixed Methodologies (Record no. 13913)
[ view plain ]
| 000 -LEADER | |
|---|---|
| fixed length control field | 00290nam a22001097a 4500 |
| 082 ## - DEWEY DECIMAL CLASSIFICATION NUMBER | |
| Classification number | 410 |
| 100 ## - MAIN ENTRY--AUTHOR NAME | |
| Personal name | Zoltan Dornyei |
| 245 ## - TITLE STATEMENT | |
| Title | Research Methods in Applied Linguistics: Quantitative, Qualitative, and Mixed Methodologies |
| 260 ## - PUBLICATION, DISTRIBUTION, ETC. (IMPRINT) | |
| Place of publication | London |
| Name of publisher | Oxford |
| 300 ## - PHYSICAL DESCRIPTION | |
| Number of Pages | 322 pages |
| 942 ## - ADDED ENTRY ELEMENTS (KOHA) | |
| Koha item type | Books |
| Withdrawn status | Lost status | Collection code | Permanent Location | Current Location | Shelving location | Date acquired | Full call number | Accession Number | Koha item type |
|---|---|---|---|---|---|---|---|---|---|
| | | English Literature | MAJU | MAJU | Shelf No.A14 | 2024-05-21 | 410 | 11017 | Books |